Normal view
MARC view
- Berenstain.S.J.
Entry Personal Name
001 - CONTROL NUMBER
- control field: 4524
003 - CONTROL NUMBER IDENTIFIER
- control field: OSt
005 - DATE AND TIME OF LATEST TRANSACTION
- control field: 20171127132625.0
008 - FIXED-LENGTH DATA ELEMENTS
- fixed length control field: 171127|| aca||aabn | a|a d
040 ## - CATALOGING SOURCE
- Original cataloging agency: OSt
- Transcribing agency: OSt
100 ## - HEADING--PERSONAL NAME
- Personal name: Berenstain.S.J.
670 ## - SOURCE DATA FOUND
- Source citation: Work cat.: (OSt): Berenstain.S.J., Inside Outside Upside Down, 1968